000 00649nam a2200181Ia 4500
008 100920s9999 xx 000 0 und d
082 _b70117
_a28 व 891 0
100 _aअग्निहोत्री अ.श.
245 _aबिरबल बादशहाच्या गोष्टी.
260 _b---
_c0
300 _a32
_bसाधी
365 _b2
520 _aबा.वि.लघुकथा.
630 _aबिरबल बादशहाच्या गोष्टी.
650 _aबा.वि.लघुकथा.
730 _aबिरबल बादशहाच्या गोष्टी.
942 _cBOOK
999 _c712179
_d712176